000 00707cam a2200217 i 4500
001 1448
003 Mx-PuUPA
005 20250617112345.0
008 140415s1991 gr 000 0 eng d
020 _a0313281009
040 _aMx-PuUPA
_bspa
_cMx-PuUPA
_dMx-PuUPA
_erda
041 _aeng
245 1 0 _aReforming financial systems :
_bpolicy change and privatization /
_cNeal S. Zank, Jonn A Mathieson [y otros tres]
264 1 _aWestport, Connecticut :
_bGreenwood Press,
_c1991
300 _a160 páginas :
_bilustraciones ;
_c24 cm
336 _2rdacontent
_atexto
_btxt
337 _2rdamedia
_asin medio
_bn
338 _2rdacarrier
_avolumen
_bnc
942 _2ddc
_cLI
_hxx
_ixx
999 _c1448
_d1448